000 00422nam a2200157 i 4500
001 189402
003 27225
090 _a189402
100 _a20130829d9999 u||y0 y50 zz
105 _a 000yy
106 _ay
200 _aШкола гри на валторні
_hТ.2
__Школа гри на валторні. Т.2.
215 _a1.
700 _aПилипчак
_bВ.
942 _2udc
_cELECTRONIC
_z27225
999 _c27225
_d27225